| 000 | 00989nam a22002777a 4500 | ||
|---|---|---|---|
| 005 | 20180308142343.0 | ||
| 010 | _aENG-108822 | ||
| 020 |
_c595.00 _a9789380164670 |
||
| 020 | _c995.00(AV) | ||
| 035 | _aEN-92355 | ||
| 035 | _aB-538707-709 | ||
| 035 | _aB-667705 | ||
| 037 | _bDBAD/PUB | ||
| 037 |
_bKKP/Ven _adpl |
||
| 082 | _a345.0268 | ||
| 100 | _aVaidya, Asmita A. | ||
| 245 |
_aCyber crime and law in the information technology / _cby Asmita A. Vaidya [and] Adwait M. Vaidya |
||
| 260 |
_aDelhi _bA.K. Publications _c2012 |
||
| 270 |
_aB-61/E-1, Gali No. 14, Jagatpuri Ext. Shahadra _bDelhi _e110093 |
||
| 300 |
_a264p. _c22cm(Hb) |
||
| 500 | _aIncludes bibliographical references and index | ||
| 700 | _aVaidya, Adwait M. | ||
| 942 |
_2ddc _cEN _mVAI _h345.0268 |
||
| 999 |
_c81159 _d81159 |
||